Daily Capital City Riddle #150 - Statistics

General Stats
  • This quiz has been taken 36 times
  • The average score is 29 of 35
Answer Stats
Type Answer % Correct
Alphabet Letter A
100%
Found Letter E
100%
Found Letter I
100%
Found Letter N
100%
Alphabet Letter R
100%
Alphabet Letter S
100%
Alphabet Letter B
96%
Found Letter D
96%
Alphabet Letter L
96%
Correctly Placed Letter N
96%
Found Letter O
96%
Alphabet Letter G
92%
Alphabet Letter M
92%
Alphabet Letter P
92%
Alphabet Letter T
92%
Alphabet Letter C
88%
Alphabet Letter U
88%
Alphabet Letter J
85%
Correctly Placed Letter D
77%
Found Letter H
77%
Correctly Placed Letter I
77%
Alphabet Letter V
73%
Found Letter W
73%
Alphabet Letter F
69%
Found Letter K
69%
Alphabet Letter Q
69%
Alphabet Letter Y
69%
Correctly Placed Letter E
65%
Correctly Placed Letter O
65%
Alphabet Letter X
65%
Alphabet Letter Z
65%
Correctly Placed Letter H
62%
Correctly Placed Letter W
62%
Correctly Placed Letter K
58%
Mystery Capital Windhoek
58%
No matching quizzes found
Score Distribution
Percent of People with Each Score
Percentile by Number Answered
Your Score History
You have not taken this quiz